| 000 | 01008nam0a2200313 i 4500 | ||
|---|---|---|---|
| 001 | RU\NLR\BIBL_A\010799912 | ||
| 005 | 20240725004528.0 | ||
| 010 |
_a9785000582084 _966 |
||
| 021 |
_aRU _b2015-39857 _92369 |
||
| 035 | _a(NILC)RuMoRGB-007943236 | ||
| 035 | _a(NLR Aleph) 010799912 | ||
| 090 |
_a10154608 _c10154608 |
||
| 100 | _a20150716d2015 u y0rusy50 ca | ||
| 101 | 0 | _arus | |
| 102 | _aRU | ||
| 105 | _aa|||z|||000gy | ||
| 200 | 1 |
_aО высоком и не очень _eсборник стихотворных сочинений _fСветлана Шеметюк _g[ил. авт.] |
|
| 210 |
_aМосква _cЭдитус _d2015 |
||
| 215 |
_a93 с. _cил. _d18 |
||
| 686 | 2 | _aШ6(2=Р)8-5 | |
| 700 | 1 |
_aШеметюк _bС. _gСветлана |
|
| 702 | 1 |
_aШеметюк _bС. _gСветлана _4440 |
|
| 801 | 0 |
_aRU _bРГБ _c20150601 _gRCR |
|
| 801 | 1 |
_aRU _bРГБ _c20150601 _2rusmarc |
|
| 942 | _cBOOK | ||
| 980 | _aNBR | ||